Elektronický dokumentárny akreditív v podmienkach Slovenskej republiky

Pojmové vymedzenie dokumentárneho akreditívu. Atribúty a funkcie akreditívu. Elektronický dokumentárny akreditív, jeho právna úprava na Slovensku a v medzinárodnom meradle. Priebeh elektronickej akreditívnej transakcie.

Salvato in:
Dettagli Bibliografici
Autore principale: Vokorokosová, Renáta, 1967-
Natura: Capitolo di libro
Lingua:slovacco
Soggetti:
Tags: Aggiungi Tag
Nessun Tag, puoi essere il primo ad aggiungerne!!

MARC

LEADER 00000naa a2200000 4500
001 r043887
005 20231002130103.6
041 0 |a slo 
044 |a CZ 
245 1 0 |a Elektronický dokumentárny akreditív v podmienkach Slovenskej republiky  |c Renáta Vokorokosová 
520 |a Pojmové vymedzenie dokumentárneho akreditívu. Atribúty a funkcie akreditívu. Elektronický dokumentárny akreditív, jeho právna úprava na Slovensku a v medzinárodnom meradle. Priebeh elektronickej akreditívnej transakcie. 
610 2 0 |a akreditív dokumentárny 
610 2 0 |a úpravy právne 
610 2 0 |a vzťahy obchodné 
610 2 0 |a banky 
610 2 0 |a dokumenty platobné 
610 2 0 |a styk platobný bezhotovostný 
610 2 0 |a zákonník obchodný 
610 2 0 |a Slovensko 
100 1 |a Vokorokosová, Renáta, 1967-